| 000 | 00519pab a2200193 454500 | ||
|---|---|---|---|
| 008 | 180718b2009 xxu||||| |||| 00| 0 eng d | ||
| 100 | _aJackson, Kirabo | ||
| 245 | _aTeaching students and teaching each other: the importance of peer learning for teachers | ||
| 260 | _c2009 | ||
| 300 | _ap.85-108. | ||
| 362 | _aOct | ||
| 650 | _aTeachers | ||
| 650 | _aStudents | ||
| 650 | _aTeaching | ||
| 700 | _aBruegmann, Elias | ||
| 773 | _aAmerican Economic Journal: Applied Economics | ||
| 908 | _aN | ||
| 909 | _a85010 | ||
| 999 |
_c85010 _d85010 |
||